| 000 | 00670cam a2200217 4500500 | ||
|---|---|---|---|
| 005 | 20260405001501.0 | ||
| 041 | _afre | ||
| 042 | _adc | ||
| 100 | 1 | 0 |
_aWilliams, Patrick _eauthor |
| 245 | 0 | 0 | _aHanna Rosin. « Les femmes s’adaptent mieux à la mondialisation » |
| 260 | _c2013. | ||
| 500 | _a16 | ||
| 690 | _aFéminisation | ||
| 690 | _aGenre | ||
| 690 | _aHanna Rosin | ||
| 690 | _aHommes-Femmes | ||
| 690 | _aMondialisation | ||
| 690 | _aThe End of Men | ||
| 786 | 0 | _nPhilosophie magazine | 69 | 5 | 2013-05-01 | p. 7-7 | 1951-1787 | |
| 856 | 4 | 1 | _uhttps://shs.cairn.info/magazine-philosophie-magazine-2013-5-page-7?lang=fr&redirect-ssocas=7080 |
| 999 |
_c2048148 _d2048148 |
||